| 000 | 00786nam a2200193 a 4500 | ||
|---|---|---|---|
| 020 | _a0444863664 (Elsevier Sci. Pub. Co. : pbk.) | ||
| 040 | _cDLC | ||
| 082 | 0 | 0 | _a511 NOR 1982 A025 Or. |
| 245 | 0 | 0 | _aBonn Workshop on Combinatorial Optimization / |
| 260 |
_aAmsterdam ; _aNew York : _bNorth-Holland Pub. Co. ; _aNew York, N.Y. : _bSole distributors for the U.S.A. and Canada, Elsevier Science Pub. Co., _c1982. |
||
| 300 |
_aix, 312 p. : _bill. ; _c24 cm. |
||
| 500 | _a"Based on lectures presented at the IV. Bonn Workshop on Combinatorial Optimazation, August 28-30, 1980." | ||
| 650 | 0 | _aCombinatorial optimization | |
| 700 | 1 | _aBachem, A. | |
| 700 | 1 | _aGrötschel, Martin. | |
| 700 | 1 | _aKorte, B. H. | |
| 710 | 2 | _aBonn Workshop on Combinatorial Optimization (1980) | |
| 942 | _cEK | ||
| 999 |
_c13483 _d13483 |
||